| 000 | 00516cam a2200145 a 4500 | ||
|---|---|---|---|
| 020 | _a9264160647 | ||
| 040 | _cFUG | ||
| 082 | 0 | 0 | _a333 OEC 1998 C163 Or. |
| 245 | 1 | 0 |
_aSustainable management of water in agriculture : _bissues and policies / |
| 260 |
_aParis : _bOECD, _cc1998 |
||
| 300 |
_a206 p. : _bill., maps ; _c27 cm. |
||
| 500 | _a"The Workshop on the Sustainable Management of Water in Agriculture, ... was held in Athens on 3-6 November 1997"--Foreword. | ||
| 650 | 0 | _aWater-supply, Agricultural | |
| 942 | _cEK | ||
| 999 |
_c19193 _d19193 |
||